| 000 | 00578nam a2200181Ia 4500 | ||
|---|---|---|---|
| 003 | GCL | ||
| 008 | 140319s9999 xx 000 0 ara d | ||
| 040 |
_aGCL / _cGCL |
||
| 082 | 0 | 4 |
_a411 _bف د |
| 100 | 1 | _aفتحى الخولى | |
| 245 | 1 | 0 |
_aدليل الاملاء وقواعد الكتابة العربية / _cفتحى الخولى |
| 300 | _a227 ص | ||
| 490 |
_aوسائل التربية اللغوية _v0 |
||
| 650 | 0 | 4 | _aاللغة العربية |
| 650 | 0 | 4 | _aالكتابة العربية |
| 650 | 0 | 4 | _aقواعد الاملاء والهجاء |
| 942 |
_2ddc _cBK |
||
| 999 |
_c37593 _d37593 |
||